大日本帝国海軍 航空母艦 - Statistics

General Stats
  • This quiz has been taken 164 times
  • The average score is 11 of 25
Answer Stats
Hint Answer % Correct
改造空母 赤城
89%
加賀
85%
信濃
71%
翔鶴
67%
蒼龍
63%
瑞鶴
63%
飛龍
59%
大鳳
54%
正規空母 鳳翔
47%
瑞鳳
46%
龍驤
43%
雲龍
42%
天城
42%
千歳
39%
千代田
39%
葛城
38%
祥鳳
38%
特設空母 隼鷹
31%
飛鷹
31%
龍鳳
28%
大鷹
26%
神鷹
26%
雲鷹
24%
海鷹
23%
冲鷹
14%
No matching quizzes found
Score Distribution
Percent of People with Each Score
Percentile by Number Answered
Your Score History
You have not taken this quiz